Správa o dodržiavaní ľudských práv vrátane zásady rovnakého zaobchádzania v Slovenskej republike za rok ...
| Previous Title: | Správa o dodržiavaní ľudských práv v Slovenskej republike za rok ... |
|---|---|
| Corporate Author: | |
| Other Authors: | |
| Format: | Serial |
| Language: | Slovak |
| PhysicalDescription: | zv. 21-29 cm |
| Published: |
Bratislava
Slovenské národné stredisko pre ľudské práva
2009-
|
| ISBN: | 9788089016402 (brož. : r. 2008) 9788089016471 (brož. : r. 2009) 9788089016693 (brož. : r. 2012) 9788089016761 (brož. : r. 2013) 9788099917126 (brož. : r. 2020) 9788099917355 (brož. : r. 2021) 9788099917621 (brož. : r. 2022) 9788082960160 (brož. : r. 2023) 9788082960382 (brož. : r. 2024) |
| Subjects: |
MARC
| LEADER | 00000cas a2200000 a 4500 | ||
|---|---|---|---|
| 001 | vtls010098980 | ||
| 003 | SK-MaSNL | ||
| 005 | 20260425194009.0 | ||
| 008 | 220907c20089999xo ar 000 b0slo | ||
| 015 | |a SNBB2011-(r. 2008, 2009) |a SNBB2016-(r. 2012, 2013) |a SNBB2021-(r. 2020) |a SNBB2022-(r. 2021) |a SNBB2024-(r. 2022, r. 2023) |a SNBB2025-(r. 2024) | ||
| 020 | |a 9788089016402 (brož. : r. 2008) | ||
| 020 | |a 9788089016471 (brož. : r. 2009) | ||
| 020 | |a 9788089016693 (brož. : r. 2012) | ||
| 020 | |a 9788089016761 (brož. : r. 2013) | ||
| 020 | |a 9788099917126 (brož. : r. 2020) | ||
| 020 | |a 9788099917355 (brož. : r. 2021) | ||
| 020 | |a 9788099917621 (brož. : r. 2022) | ||
| 020 | |a 9788082960160 (brož. : r. 2023) | ||
| 020 | |a 9788082960382 (brož. : r. 2024) | ||
| 040 | |a SVKBB |b slo |c SVKBB |d SNSLP |d SNK |e AACR2 | ||
| 041 | 0 | |a slo | |
| 043 | |a e-xo--- | ||
| 044 | |a xo |c SK | ||
| 072 | 7 | |a 342 |x Ústavné právo. Správne právo |2 konspekt | |
| 072 | 7 | |a 316.4/.7 |x Sociálne interakcie |2 konspekt | |
| 080 | |a 342.7 |2 2011 | ||
| 080 | |a (437.6) |2 2011 | ||
| 080 | |a (047) |2 2011 | ||
| 080 | |a 050 |2 2011 | ||
| 080 | |a 341.231.14 |2 2011 | ||
| 080 | |a 342.72/.73 |2 2011 | ||
| 080 | |a 316.647.82 |2 2011 | ||
| 080 | |a 342.724 |2 2001 | ||
| 110 | 2 | |a Slovenské národné stredisko pre ľudské práva (Bratislava, Slovensko) |9 33029 | |
| 245 | 1 | 0 | |a Správa o dodržiavaní ľudských práv vrátane zásady rovnakého zaobchádzania v Slovenskej republike za rok ... |
| 246 | 1 | 3 | |a Správa o dodržiavaní ľudských práv vrátane zásady rovnakého zaobchádzania a práv dieťaťa v Slovenskej republike za rok ... |f 2011-2014 |
| 260 | |a Bratislava |b Slovenské národné stredisko pre ľudské práva |c 2009- | ||
| 300 | |a zv. |c 21-29 cm | ||
| 500 | |a Editorka: 2008-2009, Anna Zachová | ||
| 500 | |a Súčasťou názvu je označenie bežného roku | ||
| 500 | |a Od r. 2013 formát 21 cm | ||
| 500 | |a Od r. 2012 sa editori neuvádzajú | ||
| 504 | |a Bibliogr. odkazy ; pozn. | ||
| 580 | |a Vydané tiež v angličtine: Report on the observance of human rights including the observance of the principle of equal treatment in the Slovak Republic for the year ... | ||
| 650 | 0 | 7 | |a ľudské práva |2 SNKPH |9 798 |
| 650 | 0 | 7 | |a porušovanie ľudských práv |2 SNKPH |9 13668 |
| 650 | 0 | 7 | |a základné práva a slobody |2 SNKPH |9 81533 |
| 650 | 0 | 7 | |a antidiskriminačné právo |2 SNKPH |9 238463 |
| 650 | 0 | 7 | |a občianske práva |2 SNKPH |9 2254 |
| 650 | 0 | 7 | |a diskriminácia |2 SNKPH |9 4923 |
| 650 | 0 | 7 | |a práva detí |2 SNKPH |9 2258 |
| 650 | 0 | 7 | |a Human rights |2 SNKPHeng |9 265688 |
| 650 | 0 | 7 | |a Human rights violation |2 SNKPHeng |9 265689 |
| 650 | 0 | 7 | |a Anti-discrimination law |2 SNKPHeng |9 238464 |
| 650 | 0 | 7 | |a Civil rights |2 SNKPHeng |9 265690 |
| 650 | 0 | 7 | |a Discrimination |2 SNKPHeng |9 265691 |
| 650 | 0 | 7 | |a Children´s rights |2 SNKPHeng |9 265692 |
| 650 | 0 | 7 | |a fundamental rights and freedoms |2 SNKPHeng |9 265693 |
| 651 | 7 | |a Slovensko |2 SNKPHgeo |9 14231 | |
| 651 | 7 | |a Slovakia |2 SNKPHeng |9 92630 | |
| 655 | 7 | |a správy |2 SNKPH |9 70563 | |
| 655 | 7 | |a Reports |2 SNKPHeng |9 265694 | |
| 700 | 1 | |a Zachová, Anna, |d 1952- |4 edt |9 228813 | |
| 775 | 0 | |t Report on the observance of human rights including the observance of the principle of equal treatment in the Slovak Republic for the year ... |w vtls010168531 | |
| 780 | 0 | 0 | |t Správa o dodržiavaní ľudských práv v Slovenskej republike za rok ... |w vtls008184735 |
| 910 | |a svkbb | ||
| 910 | |a snslp | ||
| 910 | |a snk | ||
| 916 | |a 2008-2009, 2012-2013, 2020, 2021 | ||
| 919 | |a 978-80-89016-40-2 | ||
| 919 | |a 978-80-89016-47-1 | ||
| 919 | |a 978-80-89016-69-3 | ||
| 919 | |a 978-80-89016-76-1 | ||
| 919 | |a 978-80-99917-12-6 | ||
| 919 | |a 978-80-99917-35-5 | ||
| 919 | |a 978-80-99917-62-1 | ||
| 919 | |a 978-80-8296-016-0 | ||
| 919 | |a 978-80-8296-038-2 | ||
| 999 | |c 1027 |d 2957 | ||
| 952 | |a SNK |b SNK |y PREZ |7 0 |p 17A1533800 |o snkČSB 5507/2022 |i snk2024/658 |8 0 |z Vydané v r. 2023 |0 0 |1 0 |4 0 |d 2024-01-12 |l 0 |r 2026-02-21 19:51:57 |w 2026-02-21 | ||
| 952 | |a SNK |b SNK |y PREZ |7 0 |p 17A1533799 |o snkČSB 5507/2022 D1 |i snk2024/659 |8 0 |z Vydané v r. 2023 |0 0 |1 0 |4 0 |d 2024-01-12 |l 0 |r 2026-02-21 19:51:57 |w 2026-02-21 | ||
| 952 | |a SNK |b SNK |y PREZ |7 0 |p 17A1461391 |o snkČSB 5507/2020 |i snk2021/18567 |8 0 |z Vydané v r. 2021 |f 1 |0 0 |1 0 |4 0 |d 2021-11-18 |l 0 |r 2026-02-21 19:59:43 |w 2026-02-21 | ||
| 952 | |a SNK |b SNK |y PREZ |7 0 |p 17A1461392 |o snkČSB 5507/2020 D1 |i snk2021/18568 |8 0 |z Vydané v r. 2021 |0 0 |1 0 |4 0 |d 2021-11-18 |l 0 |r 2026-02-21 19:59:43 |w 2026-02-21 | ||
| 952 | |a SNK |b SNK |y PREZ |7 0 |p 17A1434572 |o snkČSB 5507/2021 |i snk2022/13394 |8 0 |z Vydané v r. 2022 |f 1 |0 0 |1 0 |4 0 |d 2022-09-06 |l 0 |r 2026-02-21 20:01:48 |w 2026-02-21 | ||
| 952 | |a SNK |b SNK |y PREZ |7 0 |p 17A1434573 |o snkČSB 5507/2021 D1 |i snk2022/13396 |8 0 |0 0 |1 0 |4 0 |d 2022-09-06 |l 0 |r 2026-02-21 20:01:48 |w 2026-02-21 | ||
| 952 | |a SNK |b SNK |y PREZ |7 0 |p 17A0672416 |o snkČSB 5507/2008 |i snk2011/14523 |8 0 |f 1 |0 0 |1 0 |4 0 |d 2011-06-24 |l 0 |r 2026-02-21 20:06:42 |w 2026-02-21 | ||
| 952 | |a SNK |b SNK |y PREZ |7 0 |p 17A0672417 |o snkČSB 5507/2008 D1 |i snk2011/14524 |8 0 |0 0 |1 0 |4 0 |d 2011-06-24 |l 0 |r 2026-02-21 20:06:42 |w 2026-02-21 | ||
| 952 | |a SNK |b SNK |y PREZ |7 0 |p 17A0672948 |o snkČSB 5507/2009 |i snk2011/14525 |8 0 |f 1 |0 0 |1 0 |4 0 |d 2011-06-24 |l 0 |r 2026-02-21 20:06:42 |w 2026-02-21 | ||
| 952 | |a SNK |b SNK |y PREZ |7 0 |p 17A0672949 |o snkČSB 5507/2009 D1 |i snk2011/14526 |8 0 |0 0 |1 0 |4 0 |d 2011-06-24 |l 0 |r 2026-02-21 20:06:42 |w 2026-02-21 | ||
| 952 | |a SNK |b SNK |y PREZ |7 0 |p 17A1556156 |o snkČSB 5507/2024 D1 |i snk2025/10846 |8 0 |z Vydané v r. 2025 |0 0 |1 0 |4 0 |d 2025-07-09 |l 0 |r 2026-02-21 20:25:04 |w 2026-02-21 | ||
| 952 | |a SNK |b SNK |y PREZ |7 0 |p 17A1556155 |o snkČSB 5507/2024 |i snk2025/10845 |8 0 |z Vydané v r. 2025 |0 0 |1 0 |4 0 |d 2025-07-09 |l 0 |r 2026-02-21 20:25:04 |w 2026-02-21 | ||
| 952 | |a SNK |b SNK |y PREZ |7 0 |p 17A1524893 |o snkČSB 5507/2023 |i snk2024/18223 |8 0 |z Vydané v r. 2024 |0 0 |1 0 |4 0 |d 2024-12-09 |l 0 |r 2026-02-21 21:22:02 |w 2026-02-21 | ||
| 952 | |a SNK |b SNK |y PREZ |7 0 |p 17A1524894 |o snkČSB 5507/2023 D1 |i snk2024/18225 |8 0 |z Vydané v r. 2024 |0 0 |1 0 |4 0 |d 2024-12-09 |l 0 |r 2026-02-21 21:22:02 |w 2026-02-21 | ||
| 952 | |a SNK |b SNK |y PREZ |7 0 |p 17A1085119 |o snkČSB 5507/2012 |i snk2016/982 |8 0 |f 1 |0 0 |1 0 |4 0 |d 2016-01-15 |l 0 |r 2026-02-21 21:53:45 |w 2026-02-21 | ||
| 952 | |a SNK |b SNK |y PREZ |7 0 |p 17A1085120 |o snkČSB 5507/2012 D1 |i snk2016/984 |8 0 |0 0 |1 0 |4 0 |d 2016-01-15 |l 0 |r 2026-02-21 21:53:46 |w 2026-02-21 | ||
| 952 | |a SNK |b SNK |y PREZ |7 0 |p 17A1115828 |o snkČSB 5507/2013 |i snk2016/990 |8 0 |f 1 |0 0 |1 0 |4 0 |d 2016-01-15 |l 0 |r 2026-02-21 21:53:46 |w 2026-02-21 | ||
| 952 | |a SNK |b SNK |y PREZ |7 0 |p 17A1115827 |o snkČSB 5507/2013 D1 |i snk2016/992 |8 0 |0 0 |1 0 |4 0 |d 2016-01-15 |l 0 |r 2026-02-21 21:53:46 |w 2026-02-21 | ||


